Statická a dynamická analýza oceľovej nosnej konštrukcie

Gespeichert in:
Bibliographische Detailangaben
1. Verfasser: Kubišová, Andrea (Verfasst von)
Weitere Verfasser: Véghová, Ivana (Betreuung Doktorarbeit)
Format: Manuskript Buch
Sprache:Slowakisch
Veröffentlicht: 2017
Schlagworte:
Online-Zugang:http://is.stuba.sk/zp/portal_zp.pl?podrobnosti=125422
https://opac.crzp.sk/?fn=detailBiblioForm&sid=4B7A8F8230E4921736156E8DC396
Tags: Tag hinzufügen
Keine Tags, Fügen Sie das erste Tag hinzu!

MARC

LEADER 00000ntm a22000003a 4500
001 stuzp63550
003 SK-STU
005 20230815111354.8
007 ta
008 150427s2015----xo-----f-mn---000-0-slo-d
040 |a STU  |b slo 
041 0 |a slo 
100 1 |a Kubišová, Andrea  |u 010250  |4 aut  |U SvF Stavebná fakulta  |T SvF Katedra stavebnej mechaniky  |X 9547  |U V250  |Y 26  |7 9547 
242 0 1 |a Static and dynamic analysis of the steel construction  |y eng 
245 1 0 |a Statická a dynamická analýza oceľovej nosnej konštrukcie 
260 |c 2017 
650 4 |a zaťaženie  |2 slo 
650 4 |a súčiniteľ  |2 slo 
650 4 |a posúdenie  |2 slo 
650 4 |a oceľová halová konštrukcia  |2 slo 
650 4 |a statická a dynamická analýza  |2 slo 
650 4 |a seizmicita  |2 slo 
650 4 |a steel hall construction  |2 eng 
650 4 |a coefficient  |2 eng 
650 4 |a static and dynamic analysis  |2 eng 
650 4 |a seismicity  |2 eng 
650 4 |a load  |2 eng 
650 4 |a assessment  |2 eng 
700 1 |a Véghová, Ivana  |u 010250  |k Z1  |4 ths  |U SvF Stavebná fakulta  |T SvF Katedra stavebnej mechaniky  |X 802  |U V250  |Y 26  |7 A000000802 
856 4 |u http://is.stuba.sk/zp/portal_zp.pl?podrobnosti=125422 
856 4 |u https://opac.crzp.sk/?fn=detailBiblioForm&sid=4B7A8F8230E4921736156E8DC396